header

EMBA (Record no. 230771)

MARC details
000 -LEADER
fixed length control field 01288nam a22003254a 4500
100 1# - MAIN ENTRY--AUTHOR NAME
Personal name Price, Jason A.
245 10 - TITLE STATEMENT
Title EMBA
260 ## - PUBLICATION, DISTRIBUTION, ETC. (IMPRINT)
Place of publication [S.l.] :
Name of publisher Xlibris Corp.,
Year of publication c2004.
300 ## - PHYSICAL DESCRIPTION
Number of Pages 249 p.
650 #0 - SUBJECT ADDED ENTRY--TOPICAL TERM
Topical Term Industrial management
Topical Term Business education.
Topical Term Master of business administration degree.
856 40 - ELECTRONIC LOCATION AND ACCESS
Uniform Resource Identifier http://site.ebrary.com/lib/rucke/Doc?id=10215640

No items available.

© 2026 Rongo University
Contact us: librarian | system librarian | Rongo university